Kalung ajaib

Bibliographic Details
Main Author: Sherida Sheridan
Format: Book
Published: Melaka : Associated Educational Distributors , 2002
Series:Siri suria
Subjects:

MARC

LEADER 00000cam a2200000 7i4500
001 0000066521
005 20160929.0
008 160929
020 |a 9679486893 
090 0 0 |a JF   |b MAL 
100 1 |a Sherida Sheridan 
245 1 0 |a Kalung ajaib   |c Sherida Sheridan 
260 |a Melaka :   |b Associated Educational Distributors ,   |c 2002 
300 |a 48p. :   |b .ill. 
490 1 |a Siri suria 
500 |a Children ages 7-9 years old (orange) 
650 0 |a Children's stories, Malay 
999 |a 0000006450   |b Book   |c Children Collection   |e Cawangan Taman Universiti 
999 |a 0000006451   |b Book   |c Children Collection   |e Cawangan Taman Universiti 
999 |a 0000006453   |b Book   |c Children Collection   |e Cawangan Taman Universiti 
999 |a 0000919929   |b Book   |c Children Collection   |e Cawangan Bukit Gambir 
999 |a 0000919930   |b Book   |c Children Collection   |e Cawangan Bukit Gambir 
999 |a 0000919931   |b Book   |c Children Collection   |e Cawangan Bukit Gambir 
999 |a 0000931548   |b Book   |c Children Collection   |e Cawangan Tangkak 
999 |a 0000931549   |b Book   |c Children Collection   |e Cawangan Tangkak 
999 |a 0000931550   |b Book   |c Children Collection   |e Cawangan Tangkak